| 000 | 00505cam a2200181 4500 | ||
|---|---|---|---|
| 008 | 000000n1999 000 0 eng u | ||
| 020 | _a1860813208 | ||
| 035 | _a(Sirsi) u100419 | ||
| 041 | _aENG | ||
| 050 | _a690 | ||
| 110 | _aBuilding Research Establishment | ||
| 245 | _aStructural eurocodes, their adoption in the UK. | ||
| 260 |
_aWatford _bCRC Ltd _c1999 |
||
| 300 | _a6p. ; 30cm. | ||
| 490 |
_aBRE Information Paper _vIP 3/99 |
||
| 690 | _aBUILT ENVIRONMENT-CONSTRUCTION DESIGN | ||
| 942 | _n0 | ||
| 999 |
_c99702 _d99702 |
||